| 000 | 01251nab a22002417a 4500 | ||
|---|---|---|---|
| 999 |
_c6421 _d6421 |
||
| 003 | OSt | ||
| 005 | 20260202140008.0 | ||
| 008 | 190429b xxu||||| |||| 00| 0 spa d | ||
| 040 | _cPJ | ||
| 100 |
_97056 _aDurante, María Sofía |
||
| 245 | 1 | 0 |
_aParticipación de la víctima en el juicio abreviado : _b¿herramienta de justicia o instrumento de venganza? / _cMaría Sofía Durante. |
| 260 |
_cCiudad Autónoma de Buenos Aires : _aThomson Reuters La Ley, _b2023. |
||
| 300 | _ap. 201-205 | ||
| 500 | _aCita Online: AR/DOC/2397/2023. | ||
| 505 | _aSumario: I. Introducción.— II. Disidencia en el fallo: análisis crítico de la oposición de la víctima al juicio abreviado.— III. Voto mayoritario por la positiva: el derecho de la víctima a oponerse a un acuerdo de juicio abreviado.— IV. Reflexiones. | ||
| 505 | _tSi te interesa el texto completo, solicitalo a koha@justierradelfuego.gov.ar | ||
| 650 | 0 |
_9343 _aDERECHO PENAL |
|
| 650 | 0 |
_92348 _aPROCESO PENAL |
|
| 650 | 0 |
_9180 _aDEBIDO PROCESO |
|
| 650 | 0 |
_94885 _aDERECHOS DE LA VÍCTIMA |
|
| 773 | 0 |
_02658 _93164 _tRevista de derecho penal y criminología. Nº 10 - Noviembre 2023 _dCiudad Autónoma de Buenos Aires : Thomson Reuters La Ley, 2017- _x00347914 |
|
| 942 |
_2udc _cANA |
||